[Event "GER-ch (Women)"]
[Site "Magdeburg"]
[Date "2023.07.06"]
[Round "3"]
[White "Schoenrock, Gabriele"]
[Black "Wulf, Doris"]
[Result "0-1"]
[WhiteElo "1519"]
[BlackElo "1508"]
[PlyCount "91"]
[EventDate "2023.07.05"]
[EventType "swiss"]
[EventRounds "7"]
[EventCountry "GER"]
[SourceTitle "CBM 215 Extra"]
[Source "ChessBase"]
[SourceDate "2023.09.30"]
[SourceVersion "1"]
[SourceVersionDate "2023.09.30"]
[SourceQuality "1"]

1. d4 Nf6 2. Bf4 c5 3. c3 e6 4. e3 d5 5. Nd2 cxd4 6. cxd4 Qa5 7. a3 Be7 8. Ngf3 0-0 9. Bd3 Nc6 10. 0-0 Nh5 11. Be5 f6 12. Bg3 Nxg3 13. hxg3 a6 14. Nh4 f5 15. f4 Qb6 16. b4 Nxd4 17. Kf2 Nb5 18. Rh1 Rf6 19. Ndf3 Nc3 20. Qd2 Ne4+ 21. Bxe4 fxe4 22. Ne5 Bd6 23. Qd4 Qxd4 24. exd4 g5 25. Nhf3 exf3 26. Kxf3 gxf4 27. gxf4 Bxe5 28. dxe5 Rf7 29. g4 Bd7 30. Ke3 Bc6 31. Rh4 Re8 32. g5 Rf5 33. Rf1 Rc8 34. Kd4 Bb5 35. Ra1 Rc4+ 36. Ke3 Rc3+ 37. Kd4 Rc4+ 38. Ke3 Re4+ 39. Kd2 Rfxf4 40. Rxf4 Rxf4 41. Rg1 Kg7 42. Ke3 Re4+ 43. Kd2 Rxe5 44. Kc3 Kg6 45. Kd4 Rxg5 46. Rxg5+ 0-1